Combien de ville du Jura (39) connais-tu ? - Statistiques

Statistiques générales
  • Ce quiz a été pris 28 fois
  • Le résultat moyen est 39 sur 494
Statistiques - réponses
Code postal Ville % Correct
39100 Dole
92%
39000 Lons-le-Saunier
88%
39205 Saint-Claude
84%
39800 Poligny
80%
39031 Champagnole
76%
39400 Les Rousses
76%
39600 Arbois
72%
39400 Morbier
72%
39130 Clairvaux-les-Lacs
68%
39270 Orgelet
60%
39570 Montmorot
56%
39160 Saint-Amour
48%
39110 Salins-les-Bains
48%
39150 Saint-Laurent-en-Grandvaux
44%
39460 Foncine-le-Haut
40%
39400 Hauts de Bienne
40%
39260 Moirans-en-Montagne
40%
39130 Doucier
36%
39570 Perrigny
36%
39500 Tavaux
36%
39240 Arinthod
32%
39140 Bletterans
32%
39520 Foncine-le-Bas
32%
39170 Lavans-lès-Saint-Claude
32%
39380 Mont-sous-Vaudrey
32%
39230 Sellières
32%
39100 Villette-lès-Dole
32%
39210 Voiteur
32%
39220 Bois-d'Amont
28%
39500 Damparis
28%
39150 La Chaux-du-Dombief
28%
39100 Parcey
28%
39210 Baume-les-Messieurs
24%
39310 Lamoura
24%
39130 Pont-de-Poitte
24%
39220 Prémanon
24%
39700 Rochefort-sur-Nenon
24%
39150 Saint-Pierre
24%
39700 Audelange
20%
39400 Bellefontaine
20%
39150 Chaux-des-Crotenay
20%
39570 Conliège
20%
39190 Cousance
20%
39300 Crotenay
20%
39210 Domblans
20%
39100 Gevry
20%
39380 Nevy-lès-Dole
20%
39410 Saint-Aubin
20%
39380 Souvans
20%
39380 Vaudrey
20%
39700 Amange
16%
39140 Arlay
16%
39410 Aumur
16%
39800 Chamole
16%
39210 Château-Chalon
16%
39230 Chaumergy
16%
39120 Chaussin
16%
39140 Commenailles
16%
39300 Équevillon
16%
39100 Foucherans
16%
39100 Jouhe
16%
39150 La Chaumusse
16%
39400 Longchaumois
16%
39570 Macornay
16%
39290 Moissey
16%
39300 Montrond
16%
39330 Mouchard
16%
39300 Ney
16%
39570 Nogna
16%
39700 Orchamps
16%
39100 Sampans
16%
39300 Syam
16%
39800 Tourmont
16%
39360 Vaux-lès-Saint-Claude
16%
39300 Vers-en-Montagne
16%
39110 Aiglepierre
12%
39110 Andelot-en-Montagne
12%
39120 Annoire
12%
39300 Ardon
12%
39100 Authume
12%
39100 Baverans
12%
39110 Bracon
12%
39100 Brevans
12%
39100 Champvans
12%
39100 Choisey
12%
39300 Cize
12%
39170 Coteaux du Lizon
12%
39570 Courlans
12%
39100 Crissey
12%
39150 Entre-deux-Monts
12%
39700 Falletans
12%
39570 Gevingey
12%
39380 La Loye
12%
39370 La Pesse
12%
39210 Le Pin
12%
Les Moussières
12%
39260 Meussia
12%
39500 Molay
12%
39570 Montaigu
12%
39380 Montbarrey
12%
39250 Nozeroy
12%
39380 Ounans
12%
39570 Pannessières
12%
39210 Plainoiseau
12%
39120 Pleure
12%
39110 Pont-d'Héry
12%
39290 Rainans
12%
39300 Sirod
12%
39130 Soucia
12%
39190 Val-Sonnette
12%
39300 Vannoz
12%
39600 Villette-lès-Arbois
12%
39360 Viry
12%
39500 Abergement-la-Ronce
8%
39110 Abergement-lès-Thésy
8%
39320 Andelot-Morval
8%
39290 Archelange
8%
39160 Balanod
8%
39310 Bellecombe
8%
39380 Belmont
8%
39130 Bonlieu
8%
39380 Chamblay
8%
39140 Chapelle-Voland
8%
39130 Charcier
8%
39130 Charézier
8%
39130 Cogna
8%
39140 Cosges
8%
39570 Courbouzon
8%
39570 Courlaoux
8%
39140 Desnes
8%
39140 Fontainebrux
8%
39130 Fontenu
8%
39570 Hauteroche
8%
39360 Jeurre
8%
39700 La Barre
8%
39210 La Marre
8%
39140 Larnaud
8%
39120 Le Deschaux
8%
39800 Le Fied
8%
39130 Le Frasnois
8%
39300 Le Larderet
8%
39300 Le Latet
8%
39110 Lemuy
8%
39300 Le Pasquier
8%
39370 Les Bouchoux
8%
39600 Les Planches-près-Arbois
8%
39570 L'Étoile
8%
39230 Lombard
8%
39300 Loulle
8%
39230 Mantry
8%
39130 Mesnois
8%
39300 Monnet-la-Ville
8%
39800 Montholier
8%
39300 Moutoux
8%
39140 Nance
8%
39210 Nevy-sur-Seille
8%
39270 Onoz
8%
39230 Passenans
8%
39120 Petit-Noir
8%
39800 Plasne
8%
39570 Poids-de-Fiole
8%
39300 Pont-du-Navoy
8%
39600 Pupillin
8%
39570 Quintigny
8%
39120 Rahon
8%
39700 Ranchot
8%
39170 Ravilloles
8%
39140 Relans
8%
39570 Revigny
8%
39140 Ruffey-sur-Seille
8%
39570 Saint-Didier
8%
39190 Sainte-Agnès
8%
39300 Saint-Germain-en-Montagne
8%
39310 Septmoncel les Molunes
8%
39300 Supt
8%
39110 Thésy
8%
39300 Valempoulières
8%
39320 Val Suran
8%
39800 Vaux-sur-Poligny
8%
39600 Villers-Farlay
8%
39140 Villevieux
8%
Abergement-le-Grand
4%
Abergement-le-Petit
4%
39240 Aromas
4%
39190 Augea
4%
39380 Augerans
4%
39800 Aumont
4%
39200 Avignon-lès-Saint-Claude
4%
39130 Barésia-sur-l'Ain
4%
39190 Beaufort-Orbagna
4%
39800 Besain
4%
39290 Biarne
4%
39250 Bief-du-Fourg
4%
39800 Biefmorin
4%
39230 Bois-de-Gand
4%
39130 Boissia
4%
39800 Bonnefontaine
4%
39570 Bornay
4%
39300 Bourg-de-Sirod
4%
39800 Buvilly
4%
39250 Censeau
4%
39570 Cesancey
4%
39500 Champdivers
4%
1590 Chancia
4%
39260 Charchilla
4%
39360 Chassal-Molinges
4%
39130 Châtel-de-Joux
4%
39700 Châtenois
4%
39130 Châtillon
4%
39120 Chemin
4%
39230 Chêne-Sec
4%
39130 Chevrotaine
4%
39110 Chilly-sur-Salins
4%
39370 Choux
4%
39300 Crans
4%
39190 Cuisia
4%
39290 Dammartin-Marpain
4%
39700 Dampierre
4%
39130 Denezières
4%
39190 Digna
4%
39110 Dournon
4%
39700 Éclans-Nenon
4%
39800 Fay-en-Montagne
4%
39150 Fort-du-Plasne
4%
39700 Fraisans
4%
39230 Francheville
4%
39210 Frontenay
4%
39190 Gizia
4%
39130 Hautecour
4%
39110 Ivory
4%
39150 Lac-des-Rouges-Truites
4%
39110 La Chapelle-sur-Furieuse
4%
39230 La Chaux-en-Bresse
4%
39600 La Ferté
4%
39310 Lajoux
4%
39200 La Rixouse
4%
39360 Larrivoire
4%
39270 La Tour-du-Meix
4%
1590 Lavancia-Epercy
4%
39380 La Vieille-Loye
4%
39210 Lavigny
4%
39260 Lect
4%
39600 Les Arsures
4%
39170 Leschères
4%
39230 Les Deux-Fays
4%
39300 Les Nans
4%
39150 Les Planches-en-Montagne
4%
39140 Les Repôts
4%
39160 Les Trois-Châteaux
4%
39250 Longcochon
4%
39700 Malange
4%
39130 Marigny
4%
39270 Marnézia
4%
39260 Martigna
4%
39600 Mathenay
4%
39130 Menétrux-en-Joux
4%
39270 Mérona
4%
39570 Messia-sur-Sorne
4%
39800 Miéry
4%
39250 Mignovillard
4%
39800 Molain
4%
39230 Monay
4%
39100 Monnières
4%
39600 Montigny-lès-Arsures
4%
39300 Montigny-sur-l'Ain
4%
39300 Mont-sur-Monnet
4%
39270 Moutonne
4%
39200 Nanchez
4%
39800 Neuvilley
4%
39290 Offlanges
4%
39330 Pagnoz
4%
39130 Patornay
4%
39290 Peintre
4%
39800 Picarreau
4%
39270 Plaisia
4%
39600 Port-Lesney
4%
Pretin
4%
39570 Publy
4%
39700 Rans
4%
39230 Recanoz
4%
39250 Rix
4%
39360 Rogna
4%
39350 Romain
4%
39700 Romange
4%
39230 Rye
4%
39130 Saffloz
4%
39230 Saint-Lothain
4%
39120 Saint-Loup
4%
39570 Saint-Maur
4%
39380 Santans
4%
39270 Sarrogna
4%
39130 Saugeot
4%
39120 Tassenières
4%
39130 Thoiria
4%
39160 Thoissia
4%
39230 Toulouse-le-Château
4%
39130 Uxelles
4%
39160 Val-d'Épy
4%
39240 Valzin en Petite Montagne
4%
39570 Verges
4%
39230 Vers-sous-Sellières
4%
39130 Vertamboz
4%
39240 Vescles
4%
39570 Vevy
4%
39200 Villard-Saint-Sauveur
4%
39260 Villards-d'Héria
4%
39800 Villers-les-Bois
4%
39120 Villers-Robert
4%
39230 Vincent-Froideville
4%
39700 Vriange
4%
39360 Vulvoz
4%
39270 Alièze
0%
39110 Aresches
0%
39250 Arsure-Arsurette
0%
39120 Asnans-Beauvoisin
0%
39270 Augisey
0%
39700 Auxange
0%
39120 Balaiseaux
0%
39380 Bans
0%
39800 Barretaine
0%
39270 Beffia
0%
39800 Bersaillin
0%
39150 Bief-des-Maisons
0%
39250 Billecul
0%
39210 Blois-sur-Seille
0%
39130 Blye
0%
39800 Brainans
0%
39290 Brans
0%
39120 Bretenières
0%
39570 Briod
0%
39320 Broissia
0%
39110 Cernans
0%
39250 Cerniébaud
0%
39240 Cernon
0%
39120 Chaînée-des-Coupis
0%
39270 Chambéria
0%
39600 Champagne-sur-Loue
0%
39290 Champagney
0%
39230 Champrougier
0%
39300 Chapois
0%
39250 Charency
0%
39240 Charnod
0%
39380 Chatelay
0%
39300 Châtelneuf
0%
39800 Chaussenans
0%
39110 Chaux-Champagny
0%
39270 Chavéria
0%
39230 Chemenot
0%
39120 Chêne-Bernard
0%
39290 Chevigny
0%
39190 Chevreaux
0%
39570 Chille
0%
39570 Chilly-le-Vignoble
0%
39380 Chissey-sur-Loue
0%
39110 Clucy
0%
39200 Coiserette
0%
39800 Colonne
0%
39570 Condamine
0%
39240 Condes
0%
39300 Conte
0%
39240 Cornod
0%
39570 Courbette
0%
39700 Courtefontaine
0%
39200 Coyrière
0%
39260 Coyron
0%
39600 Cramans
0%
39260 Crenans
0%
39270 Cressia
0%
39250 Cuvier
0%
39230 Darbonnay
0%
39270 Dompierre-sur-Mont
0%
39250 Doye
0%
39240 Dramelay
0%
39600 Écleux
0%
39270 Écrille
0%
39250 Esserval-Tartre
0%
39130 Étival
0%
39700 Étrepigney
0%
39700 Évans
0%
39230 Foulenay
0%
39250 Fraroz
0%
39290 Frasne-les-Meulières
0%
39570 Frébuans
0%
39120 Gatey
0%
39350 Gendrey
0%
39240 Genod
0%
39110 Geraise
0%
39380 Germigney
0%
39570 Geruge
0%
39320 Gigny
0%
39250 Gillois
0%
39150 Grande-Rivière Château
0%
39600 Grange-de-Vaivre
0%
39320 Graye-et-Charnay
0%
39290 Gredisans
0%
39800 Grozon
0%
39110 Ivrey
0%
39240 La Boissière
0%
39700 La Bretenière
0%
39270 La Chailleuse
0%
39230 La Charme
0%
39230 La Chassagne
0%
39600 La Châtelaine
0%
39210 Ladoye-sur-Seille
0%
39250 La Favière
0%
39130 La Frasnée
0%
39250 La Latette
0%
39130 Largillay-Marsonnay
0%
39700 Lavangeot
0%
39700 Lavans-lès-Dole
0%
39230 Le Chateley
0%
39210 Le Louverot
0%
39300 Lent
0%
39150 Les Chalesmes
0%
39260 Les Crozets
0%
39120 Les Essards-Taignevaux
0%
39120 Les Hays
0%
39300 Le Vaudioux
0%
39210 Le Vernois
0%
39230 Le Villey
0%
39320 Loisia
0%
39120 Longwy-sur-le-Doubs
0%
39350 Louvatange
0%
39260 Maisod
0%
39240 Marigna-sur-Valouse
0%
39110 Marnoz
0%
39190 Maynal
0%
39210 Menétru-le-Vignoble
0%
39290 Menotey
0%
39600 Mesnay
0%
39250 Mièges
0%
39570 Moiron
0%
39600 Molamboz
0%
39320 Monnetay
0%
39160 Montagna-le-Reconduit
0%
39210 Montain
0%
39260 Montcusel
0%
39700 Monteplain
0%
39320 Montfleur
0%
39320 Montlainsia
0%
39110 Montmarlon
0%
39290 Montmirey-la-Ville
0%
39290 Montmirey-le-Château
0%
39320 Montrevel
0%
39250 Mournans-Charbonny
0%
39290 Mutigney
0%
39270 Nancuise
0%
39120 Neublans-Abergement
0%
39250 Onglières
0%
39350 Ougney
0%
39700 Our
0%
39800 Oussières
0%
39350 Pagney
0%
39120 Peseux
0%
39300 Pillemoine
0%
39270 Pimorin
0%
39250 Plénise
0%
39250 Plénisette
0%
39700 Plumont
0%
39290 Pointre
0%
39270 Présilly
0%
39270 Reithouse
0%
39190 Rosay
0%
39190 Rotalier
0%
39270 Rothonay
0%
39350 Rouffange
0%
39120 Saint-Baraing
0%
39600 Saint-Cyr-Montmalin
0%
39240 Saint-Hymetière-sur-Valouse
0%
39230 Saint-Lamain
0%
39130 Saint-Maurice-Crillat
0%
39110 Saint-Thiébaud
0%
39110 Saizenay
0%
39700 Salans
0%
39350 Saligney
0%
39300 Sapois
0%
39120 Séligney
0%
39230 Sergenaux
0%
39120 Sergenon
0%
39700 Sermange
0%
39700 Serre-les-Moulières
0%
39130 Songeson
0%
39350 Taxenne
0%
39290 Thervay
0%
39240 Thoirette-Coisia
0%
39570 Trenal
0%
39600 Vadans
0%
39160 Véria
0%
39570 Vernantois
0%
39600 Villeneuve-d'Aval
0%
39570 Villeneuve-sous-Pymont
0%
39800 Villerserine
0%
39350 Vitreux
0%
39240 Vosbles-Valfin
0%
Aucun quiz correspondant
Distribution des résultats
% des personnes avec chaque résultat
Percentile par nombre de réponses
Votre historique - résultats
Vous n’avez pas pris ce quiz